Daňový systém Slovenskej republiky s dôrazom na zdaňovanie právnických osôb bakalárska práca

Guardado en:
Detalles Bibliográficos
Autor principal: Böhmerová, Denisa
Autor Corporativo: Fakulta podnikového manažmentu EU. Katedra podnikových financií
Otros Autores: Vavrová, Katarína, 1960-
Formato: Libro
Lenguaje:eslovaco
Publicado: Bratislava 2013
Etiquetas: Agregar Etiqueta
Sin Etiquetas, Sea el primero en etiquetar este registro!

MARC

LEADER 00000nbm a2200000 4500
001 0172949
005 20161109112128.0
041 0 |a slo 
044 |a SK 
245 1 0 |a Daňový systém Slovenskej republiky s dôrazom na zdaňovanie právnických osôb  |b bakalárska práca  |c Denisa Böhmerová ; školiteľ: Katarína Vavrová 
264 1 |a Bratislava  |c 2013 
300 |a 51 s. 
100 1 |a Böhmerová, Denisa 
700 1 |a Vavrová, Katarína, 1960- 
710 2 |a Fakulta podnikového manažmentu EU. Katedra podnikových financií